000 00707nam a2200289Ia 4500
005 20260324134507.0
008 008 260324s9999 xx 000 0 eng d
020 _a9781315012568
037 _aEBOOK
040 _aCRL
040 _beng
040 _cCRL
041 _2eng
041 _aeng
084 _qCRL
100 _aArthur P. Phayre
_91197024
245 0 _aHistory of Burma
245 0 _bFrom the Earliest Time to the End of the First War with British India
260 _bTaylor and Francis
260 _c2001
365 _a
365 _b420
856 _uhttp://www.taylorfrancis.com/books/9781315012568
942 _cEBOOK
999 _c1797193
_d1797193